[Event "IBCA Pan American-ch 9th"]
[Site "Pereira"]
[Date "2021.11.30"]
[Round "3"]
[White "Polanco Colina, Juan Marcos"]
[Black "Franco Perez, Yolima"]
[Result "1-0"]
[WhiteElo "1729"]
[BlackElo "1517"]
[PlyCount "77"]
[EventDate "2021.11.29"]
[EventType "swiss"]
[EventRounds "7"]
[EventCountry "COL"]
[SourceTitle "EXT 2023"]
[Source "ChessBase"]
[SourceDate "2022.10.05"]
[SourceVersion "1"]
[SourceVersionDate "2022.10.05"]
[SourceQuality "1"]

1. e4 c5 2. Nf3 Nc6 3. d4 cxd4 4. Nxd4 Nf6 5. Nc3 g6 6. Be3 Bg7 7. Be2 0-0 8. g4 d5 9. Nxc6 bxc6 10. e5 Ne4 11. Nxe4 dxe4 12. Qxd8 Rxd8 13. Bf4 Be6 14. c4 Rd7 15. Rd1 Rad8 16. b3 c5 17. g5 Bh3 18. Rg1 f6 19. gxf6 exf6 20. Rxd7 Rxd7 21. Be3 Rc7 22. exf6 Bxf6 23. Bg4 Bc3+ 24. Ke2 Bxg4+ 25. Rxg4 Bb4 26. Rxe4 Kg7 27. Bg5 Rf7 28. Re7 Rxe7+ 29. Bxe7 Kh6 30. h4 Kh5 31. Kf3 Ba3 32. Kf4 h6 33. f3 g5+ 34. hxg5 hxg5+ 35. Kf5 Kh6 36. Bxg5+ Kg7 37. Ke6 Kf8 38. Kd5 Kf7 39. Be3 1-0

[Event "COL-ch Visually impaired (Women)"]
[Site "Cartagena"]
[Date "2019.12.03"]
[Round "1.2"]
[White "Carmona, Luisa Maria1111"]
[Black "Franco Perez, Yolima"]
[Result "0-1"]
[WhiteElo "1606"]
[BlackElo "1516"]
[PlyCount "54"]
[EventDate "2019.12.03"]
[EventType "swiss"]
[EventRounds "5"]
[EventCountry "COL"]
[SourceTitle "EXT 2024"]
[Source "ChessBase"]
[SourceDate "2023.10.10"]
[SourceVersion "1"]
[SourceVersionDate "2023.10.10"]
[SourceQuality "1"]

1. e4 c5 2. d4 cxd4 3. c3 dxc3 4. Nxc3 Nc6 5. Nf3 Nf6 6. Bc4 e6 7. 0-0 Bc5 8. Qe2 0-0 9. Rd1 Qc7 10. Nd5 exd5 11. exd5 Na5 12. d6 Bxd6 13. h3 Nxc4 14. b3 Re8 15. Be3 Nxe3 16. fxe3 Bc5 17. Rac1 Rxe3 18. Qf2 Rc3 19. Nd4 Bxd4 20. Qxd4 Rxc1 21. Rxc1 Qxc1+ 22. Kh2 d5 23. g4 Be6 24. h4 Nxg4+ 25. Kh3 Qh1+ 26. Kg3 Qh2+ 27. Kf3 Qxh4 0-1

[Event "COL-ch Visually limited (Women) 3rd"]
[Site "Colombia"]
[Date "2012.11.26"]
[Round "3.1"]
[White "Bautista Chiquillo, Leidy Johanna"]
[Black "Franco Perez, Yolima"]
[Result "1-0"]
[WhiteElo "1600"]
[BlackElo "1673"]
[PlyCount "63"]
[EventDate "2012.11.25"]
[EventType "swiss"]
[EventRounds "7"]
[EventCountry "COL"]
[SourceTitle "EXT 2024"]
[Source "ChessBase"]
[SourceDate "2023.10.10"]
[SourceVersion "1"]
[SourceVersionDate "2023.10.10"]
[SourceQuality "1"]

1. e4 c5 2. Nf3 Nc6 3. d4 cxd4 4. Nxd4 Nf6 5. Nc3 g6 6. f3 Bg7 7. Be3 0-0 8. Qd2 e6 9. 0-0-0 d5 10. exd5 Nxd5 11. Nxc6 bxc6 12. Bh6 Rb8 13. Bxg7 Kxg7 14. Bc4 Qb6 15. Bb3 Ne3 16. Rde1 Nc4 17. Qf4 Ba6 18. h4 Rfd8 19. h5 Nd2 20. hxg6 Nxb3+ 21. axb3 Qb7 22. Qh6+ Kf6 23. Ne4+ Ke7 24. Qg5+ Ke8 25. gxh7 Qe7 26. h8Q+ Kd7 27. Rd1+ Kc8 28. Qxd8+ Qxd8 29. Qxd8+ Kb7 30. Nc5+ Ka8 31. Qc7 Rc8 32. Rd8 1-0

[Event "COL-ch Visually limited (Women) 3rd"]
[Site "Colombia"]
[Date "2012.11.25"]
[Round "2.1"]
[White "Jossa, Zoila Constanza"]
[Black "Franco Perez, Yolima"]
[Result "0-1"]
[WhiteElo "1625"]
[BlackElo "1673"]
[PlyCount "32"]
[EventDate "2012.11.25"]
[EventType "swiss"]
[EventRounds "7"]
[EventCountry "COL"]
[SourceTitle "EXT 2024"]
[Source "ChessBase"]
[SourceDate "2023.10.10"]
[SourceVersion "1"]
[SourceVersionDate "2023.10.10"]
[SourceQuality "1"]

1. e4 c5 2. e5 Nc6 3. Nf3 g6 4. Bc4 Bg7 5. Qe2 e6 6. d3 a6 7. Be3 Qb6 8. c3 Bxe5 9. Bg5 Bg7 10. 0-0 Nf6 11. Bxf6 Bxf6 12. Re1 0-0 13. Na3 d5 14. Bb3 Re8 15. Rad1 Qd8 16. c4 Bg7 0-1